000 00737nam a2200241Ia 4500
003 OSt
005 20220926002454.0
006 a|||||r|||| 00| 0
007 ta
008 220923b |||||||| |||| 00| 0 eng d
037 _cGeneral Book
040 _aRTL
_cRTL
_beng
041 _2eng
_aeng
082 _aY5926:3(W).2.N8, M5
100 _aGupta S K
_92850
245 0 _aScheduled castes in modern Indian politics
_b Their emergence as a political power
260 _a New Delhi
_bMunshiram Manoharlal
_c1985
300 _axi, 355p
_ccm.
500 _aBibliography: P 333-42
650 _aScheduled Castes Tribes
942 _hY5926:3(W).2.N8, M5
_cGB
_2CC
999 _c605158
_d605158